000 00683nam a2200277Ia 4500
003 OSt
005 20220912152038.0
006 a|||||r|||| 00| 0
007 ta
008 220909b |||||||| |||| 00| 0 eng d
024 _a60940
037 _cTextual
040 _aCSL
_beng
_cCSL
041 _aeng
082 _aB0D58, K2
100 _aMckinley James L
245 0 _aBasic science for derospace vehicles
250 _a3
260 _c1962
300 _ap.
_ccm.
650 _a Mathematical engineering
650 _aMathematics
700 _a Bent Ralph D
942 _hB0D58, K2
_cTEXL
_2CC
999 _c79838
_d79838